[Event "Brno CEZ Talent"]
[Site "?"]
[Date "2013.08.25"]
[Round "1"]
[White "Bernasek, Jan"]
[Black "Navratil, Jiri"]
[Result "1-0"]
[WhiteElo "2535"]
[BlackElo "2036"]
[PlyCount "55"]
[EventDate "2013.08.25"]

1. d4 d5 2. c4 c6 3. Nf3 Nf6 4. Nc3 e6 5. Bg5 dxc4 6. e4 b5 7. e5 h6 8. Bh4 g5
9. exf6 gxh4 10. Ne5 Bb7 11. Nxf7 Qxf6 12. Nxh8 Qxh8 13. Qh5+ Ke7 14. Ne4 Nd7
15. Qxh4+ Nf6 16. O-O-O Bg7 17. Nc5 Bc8 18. Be2 Bd7 19. Rhe1 h5 20. Bf3 Re8 21.
d5 cxd5 22. Rxd5 Qh6+ 23. Kb1 Bc8 24. Rxh5 Qg6+ 25. Ne4 Kf8 26. Rg5 Qh7 27.
Qxh7 Nxh7 28. Rxb5 1-0

[Event "Brno CEZ Talent"]
[Site "?"]
[Date "2013.08.25"]
[Round "1"]
[White "Dirgas, Josef"]
[Black "Polak, Tomas"]
[Result "0-1"]
[WhiteElo "2024"]
[BlackElo "2492"]
[PlyCount "64"]
[EventDate "2013.08.25"]

1. d4 Nf6 2. Nf3 b6 3. c4 Bb7 4. Nc3 g6 5. Qc2 Bxf3 6. gxf3 Bg7 7. Bg2 Nc6 8.
e3 e5 9. d5 Ne7 10. b3 O-O 11. Ba3 d6 12. O-O Nf5 13. Rad1 Nh4 14. Kh1 h5 15.
Rg1 Nh7 16. Ne2 Qd7 17. Qe4 g5 18. Ng3 f5 19. Qd3 Nf6 20. Qe2 f4 21. exf4 exf4
22. Ne4 Rae8 23. Nxf6+ Bxf6 24. Qd2 Qg7 25. Qd3 Qh7 26. Qxh7+ Kxh7 27. Rge1 Bc3
28. Re4 g4 29. fxg4 f3 30. Bxf3 Nxf3 31. Rxe8 Rxe8 32. Rd3 hxg4 0-1

[Event "Brno CEZ Talent"]
[Site "?"]
[Date "2013.08.25"]
[Round "1"]
[White "Plat, Vojtech"]
[Black "Hosek, Martin"]
[Result "1-0"]
[WhiteElo "2470"]
[BlackElo "2008"]
[PlyCount "53"]
[EventDate "2013.08.25"]

1. e4 Nf6 2. e5 Nd5 3. d4 d6 4. c4 Nb6 5. f4 dxe5 6. fxe5 g6 7. Nf3 Bg4 8. Be3
Bg7 9. Nc3 O-O 10. h3 Bxf3 11. Qxf3 Nc6 12. O-O-O e6 13. h4 f6 14. h5 Ne7 15.
hxg6 hxg6 16. exf6 Rxf6 17. Qh3 Nd7 18. Ne4 Rf5 19. g4 Rf7 20. Qh7+ Kf8 21. Ng5
Rf6 22. Bd3 Qe8 23. Rdf1 Ng8 24. Bxg6 Qe7 25. Bf7 Rxf7 26. Rxf7+ Qxf7 27. Nxf7
1-0

[Event "Brno CEZ Talent"]
[Site "?"]
[Date "2013.08.25"]
[Round "1"]
[White "Stehlik, Jiri"]
[Black "Svoboda, Vaclav"]
[Result "0-1"]
[WhiteElo "2008"]
[BlackElo "2424"]
[PlyCount "242"]
[EventDate "2013.08.25"]

1. d4 Nf6 2. Nf3 e6 3. c4 c5 4. a3 cxd4 5. Nxd4 a6 6. Nc3 Qc7 7. e3 d6 8. Be2
Nbd7 9. Bd2 b6 10. O-O Bb7 11. Rc1 Be7 12. f3 O-O 13. b4 Rac8 14. Qb3 Qb8 15.
e4 Bd8 16. Be3 Bc7 17. h3 Kh8 18. Rfe1 Rg8 19. Qd1 g5 20. Qd2 h6 21. Bd3 Ne5
22. Bf1 Rg6 23. g4 Rcg8 24. Qg2 h5 25. Be2 Rh6 26. Kf2 Nfd7 27. Rh1 Rh7 28.
Rcg1 Bd8 29. gxh5 Bf6 30. h4 gxh4 31. Qxg8+ Qxg8 32. Rxg8+ Kxg8 33. h6 Ng6 34.
Na4 Be5 35. Nb3 Bg3+ 36. Kf1 Nf4 37. Bxf4 Bxf4 38. Rxh4 Bxh6 39. Nb2 Kg7 40.
Nd3 Rh8 41. Nf2 Rc8 42. f4 Nf6 43. Bd3 e5 44. f5 Bg5 45. Rh3 Bf4 46. Ke2 Nh7
47. Nd2 Ng5 48. Rh1 b5 49. cxb5 axb5 50. Nf3 Nxf3 51. Kxf3 Rc3 52. Ke2 Rxa3 53.
Bxb5 Re3+ 54. Kf1 Rb3 55. Bd3 Rxb4 56. Kg2 Rb2 57. Rb1 Rxb1 58. Bxb1 Be3 59.
Ng4 Bg5 60. Kf3 Kf8 61. Ba2 Ke7 62. Nf2 Ba6 63. Nd1 Bd2 64. Nb2 Bc3 65. Nc4 Bd4
66. Nd2 Bb5 67. Bd5 f6 68. Bb3 Be8 69. Ke2 Bh5+ 70. Kd3 Kd7 71. Ba4+ Kc7 72.
Nc4 Bf3 73. Nd2 Bg4 74. Nc4 Bh3 75. Nd2 Kb6 76. Bb3 Kc5 77. Ba4 Kb4 78. Bd1 Bc3
79. Nb1 Bf1+ 80. Ke3 Bg2 81. Be2 Be1 82. Bd3 d5 83. exd5 Bxd5 84. Nd2 Bxd2+ 85.
Kxd2 Kb3 86. Ke3 Kc3 87. Bb5 Bc4 88. Bc6 Bd3 89. Bd7 Bb1 90. Be6 Kb4 91. Bd7
Kc5 92. Be6 Bc2 93. Bd7 Kd6 94. Be6 Ke7 95. Kf3 Kf8 96. Kg4 Bd1+ 97. Kg3 Kg7
98. Bd5 Bc2 99. Kg4 Bd3 100. Bc6 Be2+ 101. Kg3 Bd1 102. Be4 Kf7 103. Kf2 Kf8
104. Bd3 Ke7 105. Ke3 Bb3 106. Be4 Kd6 107. Bd3 Bd5 108. Bc2 Ke7 109. Bd3 Kf7
110. Kf2 Kg7 111. Kg3 Kh6 112. Kg4 Bc6 113. Kh4 Bf3 114. Kg3 e4 115. Bf1 Kg5
116. Bh3 Bd1 117. Kf2 Kf4 118. Bg2 Bg4 119. Bf1 Bxf5 120. Be2 Bg4 121. Bc4 f5
0-1

[Event "Brno CEZ Talent"]
[Site "?"]
[Date "2013.08.25"]
[Round "1"]
[White "Velicka, Petr"]
[Black "Zeman, Arnost"]
[Result "1-0"]
[WhiteElo "2421"]
[BlackElo "2002"]
[PlyCount "85"]
[EventDate "2013.08.25"]

1. e4 c5 2. Nf3 Nc6 3. Bb5 Qc7 4. O-O Nf6 5. Re1 a6 6. Bf1 d6 7. h3 g6 8. c3
Bg7 9. d4 Nd7 10. d5 Nce5 11. Nh2 Nf6 12. f4 Ned7 13. Nf3 O-O 14. c4 Rb8 15.
Nc3 Rd8 16. Bd3 b5 17. e5 Ne8 18. Qe2 bxc4 19. Bxc4 Nb6 20. Bxa6 Bxa6 21. Qxa6
dxe5 22. Nxe5 Ra8 {(R)} 23. Qe2 Bxe5 24. Qxe5 Rd7 25. Be3 Nd6 26. b3 c4 27. b4
Na4 28. Bd4 f6 29. Qe6+ Kg7 30. Nxa4 Rxa4 31. Bc5 Ra3 32. Re3 Rxe3 33. Qxe3 Nf5
34. Qe4 Ng3 35. Qxc4 Qxf4 36. Qxf4 Ne2+ 37. Kf2 Nxf4 38. Rd1 e6 39. d6 Nd5 40.
a4 Kf7 41. a5 Nc7 42. Ra1 Nb5 43. a6 1-0

[Event "Brno CEZ Talent"]
[Site "?"]
[Date "2013.08.25"]
[Round "1"]
[White "Benes, Miroslav"]
[Black "Ponizil, Cyril"]
[Result "0-1"]
[WhiteElo "1998"]
[BlackElo "2421"]
[PlyCount "76"]
[EventDate "2013.08.25"]

1. d4 Nf6 2. c4 g6 3. Nc3 Bg7 4. e4 O-O 5. Nf3 d6 6. Be2 e5 7. O-O Nbd7 8. Re1
a5 9. Be3 Ng4 10. Bg5 f6 11. Bc1 Nh6 12. dxe5 fxe5 13. b3 Nc5 14. Ba3 Ne6 15.
Nd5 Ng4 16. h3 Nf6 17. Bf1 Nh5 18. Rc1 Nd4 19. Nxd4 exd4 20. c5 Be5 21. cxd6 c6
22. Ne7+ Kh8 23. Nxc8 Qf6 24. Rc2 Rfxc8 25. Bc5 Ng7 26. g3 g5 27. Be2 Rcb8 28.
Bb6 Qxd6 29. Rc5 Bxg3 30. Rxg5 Bxf2+ 31. Kxf2 Qf4+ 32. Bf3 Qxg5 33. Bxd4 Qh4+
34. Kg2 Rd8 35. Bxg7+ Kxg7 36. Qa1+ Qf6 37. e5 Rd2+ 38. Kh1 Qxf3+ 0-1

[Event "Brno CEZ Talent"]
[Site "?"]
[Date "2013.08.25"]
[Round "1"]
[White "Zwardon, Vojtech"]
[Black "Messerschmidt, Stanislav"]
[Result "1-0"]
[WhiteElo "2384"]
[BlackElo "1993"]
[PlyCount "131"]
[EventDate "2013.08.25"]

1. c4 g6 2. Nc3 Bg7 3. g3 c6 4. Bg2 Nf6 5. e4 d6 6. d3 O-O 7. Bg5 h6 8. Be3 Ng4
9. Bc1 Qb6 10. Nh3 Bd4 11. O-O Kh7 12. Ne2 Bg7 13. Qb3 Qxb3 14. axb3 Na6 15. f3
Ne5 {(R)} 16. d4 Nd3 17. Bd2 c5 18. Bc3 Ndb4 19. dxc5 dxc5 20. Nhf4 e6 21. Rfd1
Nc2 22. Rac1 Ne3 23. Rd6 Nxg2 24. Kxg2 Nb4 25. Bxb4 cxb4 26. Nd3 Re8 27. c5 a5
28. e5 f6 29. f4 g5 30. Ra1 fxe5 31. fxe5 Bf8 32. Rd4 Ra6 33. g4 b5 34. cxb6
Rxb6 35. Rxa5 Bb7+ 36. Kh3 Bd5 37. Ng3 Rd8 38. Ne4 Kg6 39. Kg3 Be7 40. Nec5 Rf8
41. Rxd5 exd5 42. Nd7 Rc6 43. Nxf8+ Bxf8 44. Rxd5 Rc2 45. h4 gxh4+ 46. Kxh4
Be7+ 47. Kg3 Bg5 48. Rb5 Re2 49. Nf4+ Bxf4+ 50. Kxf4 Rxb2 51. Rb6+ Kf7 52. Rxb4
Rf2+ 53. Ke4 Re2+ 54. Kf5 Rf2+ 55. Ke4 Kg6 56. Kd5 Kg5 57. Kd6 Re2 58. e6 Kf6
59. Rf4+ Kg5 60. Rf5+ Kxg4 61. Re5 Rd2+ 62. Kc7 Rc2+ 63. Kb7 Rc3 64. e7 Rxb3+
65. Kc7 Rc3+ 66. Kd7 1-0

[Event "Brno CEZ Talent"]
[Site "?"]
[Date "2013.08.25"]
[Round "1"]
[White "Novak, Vitezslav"]
[Black "Chytilek, Roman"]
[Result "0-1"]
[WhiteElo "1970"]
[BlackElo "2382"]
[PlyCount "52"]
[EventDate "2013.08.25"]

1. e4 c6 2. d4 d5 3. e5 Bf5 4. Bd3 Bxd3 5. Qxd3 e6 6. Ne2 Qa5+ 7. Bd2 Qa6 8.
Qxa6 Nxa6 9. O-O c5 10. c3 Ne7 11. Na3 h5 12. Nc2 Nb8 13. dxc5 Nec6 14. b4 Nxe5
15. Ne3 Nbc6 16. f4 Ng4 17. Nxg4 hxg4 18. Nd4 Be7 19. Rae1 Bf6 20. Nf5 Kf8 21.
Ne3 d4 22. Nxg4 dxc3 23. Nxf6 cxd2 24. Nd7+ Ke7 25. Rd1 Kxd7 26. Rxd2+ Ke7 0-1

[Event "Brno CEZ Talent"]
[Site "?"]
[Date "2013.08.25"]
[Round "1"]
[White "Bures, Jaroslav"]
[Black "Stanek, Stanislav"]
[Result "1/2-1/2"]
[WhiteElo "2377"]
[BlackElo "1967"]
[PlyCount "138"]
[EventDate "2013.08.25"]

1. e4 e5 2. Nf3 d6 3. d4 Qe7 4. Bg5 Nf6 5. Nc3 c6 6. h3 g6 7. dxe5 dxe5 8. Qd2
Bg7 9. O-O-O O-O 10. Qd6 Qxd6 11. Rxd6 Nfd7 12. a4 Re8 13. Bc4 Nf8 14. Rhd1
Nbd7 15. Be3 Bf6 16. Ng5 Bxg5 17. Bxg5 Nb6 18. Be2 Be6 19. b3 a5 20. Be3 Nbd7
21. Kb2 f6 22. Nb1 Kf7 23. Na3 Ke7 24. Nc4 Rec8 25. R6d2 Bxc4 26. Bxc4 Rc7 27.
Rd6 b6 28. h4 Nc5 29. Bxc5 bxc5 30. Kc1 Rac8 31. Bg8 h6 32. R6d3 Rd7 33. Rc3
Rxd1+ 34. Kxd1 Nd7 35. Bc4 Nb6 36. Be2 Kd6 37. Rd3+ Ke7 38. Rg3 Rg8 39. Kd2
Rd8+ 40. Kc3 g5 41. Rh3 Rd6 42. Bd3 Kf7 43. Ba6 Kg6 44. hxg5 fxg5 45. Rf3 Rf6
46. Rxf6+ Kxf6 47. Bb7 h5 48. Bxc6 h4 49. Kd3 g4 50. Ke3 Kg5 51. Bb5 Nc8 52.
Bd7 Nb6 53. Be6 Na8 54. f3 g3 55. Bh3 Nb6 56. f4+ exf4+ 57. Kf3 c4 58. e5 cxb3
59. cxb3 Nd5 60. e6 Ne7 61. Ke4 Ng6 62. b4 axb4 63. a5 b3 64. Kd3 f3 65. gxf3
Nf4+ 66. Kc3 Kf6 67. a6 Nxh3 68. a7 g2 69. a8=Q g1=Q 1/2-1/2

[Event "Brno CEZ Talent"]
[Site "?"]
[Date "2013.08.25"]
[Round "1"]
[White "Vesely, Jaromir"]
[Black "Lanc, Alois"]
[Result "0-1"]
[WhiteElo "1961"]
[BlackElo "2363"]
[PlyCount "92"]
[EventDate "2013.08.25"]

1. Nf3 d6 2. d4 g6 3. g3 Bg7 4. Bg2 f5 5. c4 Nf6 6. Nc3 O-O 7. O-O c6 8. Re1
Ne4 9. Qd3 Nxc3 10. bxc3 e5 11. dxe5 dxe5 12. Ba3 Re8 13. Qxd8 Rxd8 14. Rad1
Re8 15. e4 f4 16. Bd6 fxg3 17. hxg3 Nd7 18. Bf1 Bf8 19. c5 h6 20. Bc4+ Kg7 21.
Kg2 g5 22. g4 Bxd6 23. cxd6 Nf6 24. Nh2 Bxg4 25. Nxg4 Nxg4 26. d7 Rf8 27. f3
Nf6 28. Be6 Nh5 29. Bf5 Nf4+ 30. Kf2 Rad8 31. Rd6 Rf6 32. Red1 h5 33. a4 a5 34.
Ke3 Ng2+ 35. Kf2 Nf4 36. Ke3 Kf7 37. Rxf6+ Kxf6 38. Rb1 Ng2+ 39. Kf2 Nh4 40.
Bh3 Nxf3 41. Rxb7 g4 42. Rc7 Kg5 43. Bg2 Kf4 44. Rxc6 Rxd7 45. Rf6+ Kxe4 46.
Bxf3+ gxf3 0-1

[Event "Brno CEZ Talent"]
[Site "?"]
[Date "2013.08.25"]
[Round "1"]
[White "Roubalik, Jakub"]
[Black "Licka, Vlastimil"]
[Result "1-0"]
[WhiteElo "2344"]
[BlackElo "1959"]
[PlyCount "129"]
[EventDate "2013.08.25"]

1. d4 Nf6 2. c4 e6 3. Nf3 Bb4+ 4. Bd2 Bxd2+ 5. Qxd2 d5 6. e3 O-O 7. Nc3 b6 8.
Qc2 Bb7 9. cxd5 exd5 10. Bd3 Qe7 11. O-O Nbd7 12. Rac1 c5 13. Rfe1 Ne4 14. Nd2
Rfe8 15. Bb5 Nxd2 16. Qxd2 Red8 17. dxc5 Nxc5 18. Qd4 Ne6 19. Qe5 Rac8 20. Rcd1
Qb4 21. Rb1 Qg4 22. Be2 Qg5 23. Qxg5 Nxg5 24. Nb5 Ne6 25. Bg4 Rc5 26. b4 Rc4
27. Bxe6 fxe6 28. f4 Rc2 29. Nd4 Rxa2 30. Nxe6 Rc8 31. Nd4 a6 32. h3 Rc4 33. b5
a5 34. Kf1 Kf7 35. Re2 Rxe2 36. Kxe2 g6 37. g4 Bc8 38. Kd2 h5 39. gxh5 gxh5 40.
Rg1 Bd7 41. Rg5 Rc5 42. Rxh5 Bxb5 43. Rh6 Bf1 44. Rxb6 Bxh3 45. Nb3 Rc7 46.
Nxa5 Bf5 47. Nc6 Be4 48. Ke2 Rc8 49. Kd2 Rc7 50. Ra6 Ke8 51. Nd4 Rb7 52. Ra3
Kd7 53. Kc3 Rb1 54. Nb3 Ke6 55. Nd4+ Kd6 56. Ra6+ Kd7 57. Nb3 Ke7 58. Rb6 Rd1
59. Nd2 Ra1 60. Nxe4 dxe4 61. Kd4 Ra4+ 62. Ke5 Rc4 63. Re6+ Kf7 64. Kf5 Rc5+
65. Re5 1-0

[Event "Brno CEZ Talent"]
[Site "?"]
[Date "2013.08.25"]
[Round "1"]
[White "Sikora, Lukas"]
[Black "Kuchynka, Lukas"]
[Result "0-1"]
[WhiteElo "1954"]
[BlackElo "2316"]
[PlyCount "36"]
[EventDate "2013.08.25"]

1. d4 Nf6 2. c4 Nc6 3. Nc3 e5 4. d5 Ne7 5. e4 Ng6 6. Be3 Bb4 7. Bd3 Bxc3+ 8.
bxc3 d6 9. Ne2 Ng4 10. Bc1 Qh4 11. g3 Qf6 12. O-O Qf3 13. Qc2 Nh4 14. Nf4 exf4
15. gxh4 Nxh2 16. Be2 Qh3 17. Bxf4 Nf3+ 18. Bxf3 Qxf3 0-1

[Event "Brno CEZ Talent"]
[Site "?"]
[Date "2013.08.25"]
[Round "1"]
[White "Kireev, Aleksei"]
[Black "Hlavinka, Zdenek"]
[Result "1-0"]
[WhiteElo "2337"]
[BlackElo "1951"]
[PlyCount "36"]
[EventDate "2013.08.25"]

1. d4 Nf6 2. Bg5 g6 3. Bxf6 exf6 4. e3 Bg7 5. h4 Qe7 6. c4 b6 7. Nc3 Bb7 8. h5
f5 9. Nge2 Bh6 10. hxg6 hxg6 11. Nf4 Na6 12. Nfd5 Bxd5 13. Nxd5 Qd6 14. Qa4 Nb8
15. g3 c5 16. dxc5 bxc5 17. Bg2 Nc6 18. Nb6 axb6 1-0

[Event "Brno CEZ Talent"]
[Site "?"]
[Date "2013.08.25"]
[Round "1"]
[White "Kubat, Pavel"]
[Black "Chudinovskis, Alexander"]
[Result "0-1"]
[WhiteElo "1942"]
[BlackElo "2299"]
[PlyCount "118"]
[EventDate "2013.08.25"]

1. c4 c5 2. b3 e5 3. Nc3 g6 4. h4 h5 5. g3 Bg7 6. Bg2 Nc6 7. Bb2 Nge7 8. a3 a5
9. d3 O-O 10. e3 d6 11. Nge2 Bg4 12. O-O Qd7 13. Kh2 Rab8 14. Qc2 Be6 15. Rad1
Nf5 16. Nd5 b5 17. Nec3 b4 18. axb4 axb4 19. Ne4 f6 20. Ra1 Nh6 21. Ra6 Ng4+
22. Kg1 Kh8 23. Rxc6 Qxc6 24. Ne7 Qe8 25. Nd5 Bxd5 26. cxd5 Qd7 27. d4 cxd4 28.
exd4 Rfc8 29. Qb1 f5 30. Ng5 e4 31. Ne6 Qb5 32. f3 exf3 33. Bxf3 Nf6 34. Nf4
Kh7 35. Bxh5 Nxh5 36. Nxh5 Qe2 37. Nf4 Qc2 38. Ne6 Qxb1 39. Rxb1 Rc2 40. Bc1
Rb5 41. Ra1 Rxd5 42. Be3 Re2 43. Ng5+ Kg8 44. Ra8+ Bf8 45. Ne6 Rxe3 46. Rxf8+
Kh7 47. Rf7+ Kh6 48. Nf8 Kh5 49. Kf2 Re8 50. Nh7 g5 51. hxg5 Kg6 52. Rb7 Rxd4
53. Nf6 Rc8 54. Ke3 Rd1 55. Rxb4 Kxg5 56. Nd7 Rc3+ 57. Ke2 Rdd3 58. Nf8 Rxg3
59. Ne6+ Kf6 0-1

[Event "Brno CEZ Talent"]
[Site "?"]
[Date "2013.08.25"]
[Round "1"]
[White "Karlik, Vladimir"]
[Black "Kopecek, Ivan"]
[Result "1-0"]
[WhiteElo "2284"]
[BlackElo "1933"]
[PlyCount "49"]
[EventDate "2013.08.25"]

1. d4 f5 2. Nf3 Nf6 3. Bg5 e6 4. Nbd2 Be7 5. Bxf6 Bxf6 6. e4 fxe4 7. Nxe4 O-O
8. Bd3 Nc6 9. c3 d5 10. Nxf6+ Qxf6 11. Qe2 Bd7 12. O-O Rae8 13. Rae1 Re7 14. b4
Be8 15. b5 Nd8 16. Ne5 g5 17. Qc2 Kh8 18. Re3 Qg7 19. Rh3 Qg8 20. Re1 Rg7 21.
Rh6 g4 22. a4 Nf7 23. Nxf7+ Bxf7 24. Qe2 Re8 25. Qe5 1-0

[Event "Brno CEZ Talent"]
[Site "?"]
[Date "2013.08.25"]
[Round "1"]
[White "Zeman, Radek"]
[Black "Dambrauskas, Virginijus"]
[Result "0-1"]
[WhiteElo "1895"]
[BlackElo "2280"]
[PlyCount "58"]
[EventDate "2013.08.25"]

1. e4 c5 2. Nf3 e6 3. d4 cxd4 4. Nxd4 a6 5. Bd3 Nf6 6. c4 d6 7. Nc3 Nbd7 8. O-O
Qc7 9. Re1 Be7 10. b3 b5 11. Bb2 Qb6 12. Nf3 bxc4 13. Bxc4 O-O 14. Na4 Qb7 15.
Qd4 Rd8 16. Rad1 Nb8 17. Qe3 Nc6 18. Nc3 Bd7 19. e5 Ng4 20. Qf4 Ngxe5 21. Nxe5
Nxe5 22. Re3 Ng6 23. Qd4 Bf6 24. Qxd6 Bb5 25. Qb4 Be7 26. Qa5 Bxc4 27. Rxd8+
Rxd8 28. Ba3 Nf4 29. f3 Bd5 0-1

[Event "Brno CEZ Talent"]
[Site "?"]
[Date "2013.08.25"]
[Round "1"]
[White "Kantorik, Marian"]
[Black "Zitny, Petr"]
[Result "1-0"]
[WhiteElo "2280"]
[BlackElo "1877"]
[PlyCount "67"]
[EventDate "2013.08.25"]

1. d4 Nf6 2. c4 d6 3. Nc3 g6 4. e4 Bg7 5. f4 O-O 6. Nf3 c5 7. d5 Bg4 8. Be2 a6
9. O-O Nbd7 10. h3 Bxf3 11. Bxf3 Ne8 12. a4 b6 13. Be3 Rb8 14. Qd3 b5 15. axb5
axb5 16. Nxb5 Bxb2 17. Ra2 Bg7 18. Na7 Qc7 19. Nc6 Rb7 20. Nxe7+ Kh8 21. Nc6
Nb8 22. e5 dxe5 23. fxe5 Nxc6 24. dxc6 Ra7 25. Rxa7 Qxa7 26. Qd5 Nc7 27. Qxc5
Qb8 28. Bd5 Bxe5 29. Bxf7 Ne6 30. Qe7 Nd4 31. c7 Ne2+ 32. Kf2 Bg3+ 33. Kxe2
Bxc7 34. Qf6# 1-0

[Event "Brno CEZ Talent"]
[Site "?"]
[Date "2013.08.25"]
[Round "1"]
[White "Paulik, Martin"]
[Black "Skliba, Martin"]
[Result "1/2-1/2"]
[WhiteElo "1875"]
[BlackElo "2271"]
[PlyCount "125"]
[EventDate "2013.08.25"]

1. c4 Nf6 2. Nc3 g6 3. g3 Bg7 4. Bg2 c5 5. Nf3 Nc6 6. O-O O-O 7. d3 d6 8. e4 a6
9. Ne1 Rb8 10. f4 Nd4 11. Nf3 Bg4 12. Be3 b5 13. Rb1 Nd7 14. cxb5 axb5 15. Ne2
Nxf3+ 16. Bxf3 Bxf3 17. Rxf3 Qa5 18. a3 b4 19. Bd2 Qa6 20. axb4 cxb4 21. d4 Qc6
22. Re3 Nf6 23. Rc1 Qa8 24. Ra1 Qb7 25. e5 dxe5 26. fxe5 Ng4 27. Rd3 Qe4 28.
Nf4 Rfd8 29. Be1 Nh6 30. h4 Nf5 31. Bf2 Ra8 32. Rxa8 Rxa8 33. Qf3 Qxf3 34. Rxf3
Rd8 35. Ne2 e6 36. Rb3 Bf8 37. Kg2 h5 38. Kf3 Ra8 39. Be1 Ra1 40. Bxb4 Bxb4 41.
Rxb4 Rf1+ 42. Ke4 Rf2 43. Rb8+ Kg7 44. Kd3 Rf3+ 45. Kc4 Ne3+ 46. Kc5 Nd5 47. b4
Rf2 48. Nf4 Nxf4 49. gxf4 Rxf4 50. b5 Rxh4 51. b6 Rh1 52. b7 Rb1 53. Kc6 Rc1+
54. Kd6 Rb1 55. Kc7 h4 56. Ra8 g5 57. Ra1 Rb2 58. b8=Q Rxb8 59. Kxb8 Kg6 60.
Rg1 Kh5 61. Rf1 Kg6 62. Rg1 Kh5 63. Rf1 1/2-1/2

[Event "Brno CEZ Talent"]
[Site "?"]
[Date "2013.08.25"]
[Round "1"]
[White "Kulovana, Eva"]
[Black "Martisek, Karel"]
[Result "1-0"]
[WhiteElo "2250"]
[BlackElo "1872"]
[PlyCount "97"]
[EventDate "2013.08.25"]

1. e4 e5 2. Nf3 Nf6 3. Nxe5 Qe7 4. d4 d6 5. Nf3 Qxe4+ 6. Be2 Bf5 7. c4 Qc2 8.
Qxc2 Bxc2 9. Nc3 c6 10. Be3 Be7 11. Rc1 Bg6 12. Nh4 Nbd7 13. Nxg6 hxg6 14. O-O
O-O 15. g4 Rfd8 16. Rce1 Bf8 17. g5 Nh7 18. Bd3 Re8 19. f4 Rad8 20. Bd2 Re7 21.
Rd1 a6 22. a4 Nb8 23. a5 Ree8 24. Rf3 d5 25. c5 Be7 26. h4 Nf8 27. Kg2 f6 28.
Rh1 f5 29. h5 gxh5 30. Bxf5 g6 31. Bd3 Ne6 32. Bxg6 Nxd4 33. Rd3 Bxc5 34. Bxe8
Rxe8 35. Rxh5 Nd7 36. Rdh3 Nf8 37. g6 Nb3 38. Nxd5 Re2+ 39. Kf1 Rxd2 40. Nf6+
Kg7 41. Rxb3 Ne6 42. Ne4 Kxg6 43. Rxc5 Nxc5 44. Nxd2 Nxb3 45. Nxb3 Kf5 46. Nc5
Kxf4 47. Nxb7 Ke4 48. Nc5+ Kd5 49. Nxa6 1-0

[Event "Brno CEZ Talent"]
[Site "?"]
[Date "2013.08.25"]
[Round "1"]
[White "Blazek, Pavel"]
[Black "Kratochvil, Josef"]
[Result "0-1"]
[WhiteElo "1820"]
[BlackElo "2241"]
[PlyCount "50"]
[EventDate "2013.08.25"]

1. e4 c5 2. Nf3 e6 3. d4 cxd4 4. Nxd4 a6 5. Nc3 b5 6. e5 Bb7 7. Qg4 d6 8. Bg5
Qb6 9. Nxe6 h5 10. Qh3 dxe5 11. Nd5 Bb4+ 12. Nxb4 Qxe6 13. Qxe6+ fxe6 14. O-O-O
Nd7 15. h4 Ngf6 16. Nd3 Rc8 17. Rh3 Rc7 18. f4 e4 19. Ne5 Bd5 20. Ng6 Rg8 21.
Ra3 Nc5 22. Ne5 Nfd7 23. Rxd5 exd5 24. Bxb5 Nd3+ 25. Nxd3 axb5 0-1

[Event "Brno CEZ Talent"]
[Site "?"]
[Date "2013.08.25"]
[Round "1"]
[White "Kratochvil, Karel"]
[Black "Zikan, Karel"]
[Result "1-0"]
[WhiteElo "2233"]
[BlackElo "1795"]
[PlyCount "43"]
[EventDate "2013.08.25"]

1. d4 Nf6 2. c4 e6 3. Nc3 d5 4. Bg5 c6 5. e3 Nbd7 6. Nf3 Be7 7. Qc2 O-O 8.
O-O-O dxc4 9. Bxc4 Nd5 10. h4 Nxc3 11. bxc3 h6 12. Bf4 Nb6 13. Bd3 Nd5 14. Be5
Bf6 15. Bxf6 Nxf6 16. e4 Qc7 17. c4 b6 18. e5 Nd7 19. Bh7+ Kh8 20. Ng5 g6 21.
Bxg6 Kg7 22. Bxf7 1-0

[Event "Brno CEZ Talent"]
[Site "?"]
[Date "2013.08.25"]
[Round "1"]
[White "Tocev, Dosi"]
[Black "Pokorny, Petr"]
[Result "1/2-1/2"]
[WhiteElo "1775"]
[BlackElo "2194"]
[PlyCount "89"]
[EventDate "2013.08.25"]

1. d4 d5 2. c4 e6 3. Nc3 c6 4. e3 f5 5. Nf3 Nf6 6. cxd5 exd5 7. Be2 Bd6 8. h3
Qe7 9. O-O O-O 10. Bd3 Ne4 11. Qc2 Kh8 12. Ne2 Nd7 13. Ne1 Qh4 14. f4 Ndf6 15.
Nf3 Qh5 16. Bd2 h6 17. Be1 g5 18. Ng3 Nxg3 19. Bxg3 Ne4 20. Bxe4 fxe4 21. Ne5 {
(R)} g4 22. Qe2 Rg8 23. h4 Be7 24. Qf2 Bf5 25. Rac1 Bf6 26. b4 Rgc8 27. Qe1 Qe8
28. Qe2 h5 29. Be1 Qe7 30. g3 Kg7 31. Qb2 Rc7 32. Bd2 Rac8 33. Rc2 b6 34. Rfc1
c5 35. bxc5 bxc5 36. Rxc5 Rxc5 37. Rxc5 Rxc5 38. dxc5 Qxc5 39. Qb7+ Kh6 40.
Nf7+ Kg6 41. Ne5+ Bxe5 42. fxe5 Be6 43. Qb2 Bc8 44. Qb4 Qxb4 45. Bxb4 1/2-1/2

[Event "Brno CEZ Talent"]
[Site "?"]
[Date "2013.08.25"]
[Round "1"]
[White "Fiala, Vaclav"]
[Black "Turza, Pavel"]
[Result "1-0"]
[WhiteElo "2192"]
[BlackElo "1774"]
[PlyCount "43"]
[EventDate "2013.08.25"]

1. e4 e5 2. f4 Bc5 3. Nf3 d6 4. c3 d5 5. exd5 Bg4 6. Qa4+ Bd7 7. Qc4 Qe7 8.
fxe5 c6 9. d4 Bb6 10. d6 Qe6 11. Ng5 Qxc4 12. Bxc4 Nh6 13. O-O f6 14. exf6 gxf6
15. Ne4 Ng4 16. h3 f5 17. hxg4 fxe4 18. Bg5 Rf8 19. Nd2 Rxf1+ 20. Rxf1 Bxg4 21.
Nxe4 Nd7 22. Bf7+ 1-0

[Event "Brno CEZ Talent"]
[Site "?"]
[Date "2013.08.25"]
[Round "1"]
[White "Kosina, Vladimir"]
[Black "Sremanak, Slavomir"]
[Result "0-1"]
[WhiteElo "1773"]
[BlackElo "2184"]
[PlyCount "136"]
[EventDate "2013.08.25"]

1. d4 Nf6 2. c4 e5 3. e3 exd4 4. exd4 d5 5. Nc3 Be7 6. Nf3 O-O 7. Bd3 Bg4 8.
Be3 c6 9. O-O dxc4 10. Bxc4 Nbd7 11. Bb3 Nb6 12. Re1 Nbd5 13. a3 Qd6 14. Rc1
Rfd8 15. h3 Bh5 16. Qd2 Nxc3 17. Qxc3 Bxf3 18. gxf3 Nd5 19. Qd2 Qg6+ 20. Kf1
Qh5 21. Ke2 c5 22. Rg1 Rac8 23. Rg4 Bf6 24. Rcg1 Nxe3 25. fxe3 cxd4 26. exd4
Qb5+ 27. Qd3 Re8+ 28. Re4 Qd7 29. Bc2 Qxd4 30. Rb1 Qc5 31. Bb3 Red8 32. Qe3 Bd4
33. Rxd4 Qxd4 34. Qxd4 Rxd4 35. Ke3 Rd6 36. h4 Rcd8 37. Bc2 Re6+ 38. Kf4 g6 39.
Be4 Rd4 40. Kg3 Rb6 41. b4 f5 42. Bc2 f4+ 43. Kg4 h5+ 44. Kh3 Kg7 45. Re1 Ra6
46. Re4 Rxe4 47. Bxe4 b6 48. b5 Rxa3 49. Kg2 Kf6 50. Kh3 Rb3 51. Bc6 Ke5 52.
Kg2 Kd4 53. Be8 Ke3 54. Bxg6 Rxb5 55. Be4 a5 56. Bc6 Rb2+ 57. Kh3 Rc2 58. Be8
Kxf3 59. Bxh5+ Ke3 60. Bg6 Rc6 61. Be8 Rf6 62. Kg2 f3+ 63. Kf1 f2 64. h5 Rd6
65. Bb5 Rd1+ 66. Kg2 Rg1+ 67. Kh2 f1=Q 68. Bxf1 Rxf1 0-1

[Event "Brno CEZ Talent"]
[Site "?"]
[Date "2013.08.25"]
[Round "1"]
[White "Kratochvil, Milan"]
[Black "Hradsky, Ales"]
[Result "1-0"]
[WhiteElo "2180"]
[BlackElo "1768"]
[PlyCount "77"]
[EventDate "2013.08.25"]

1. e4 e6 2. d3 d5 3. Nd2 dxe4 4. dxe4 Bd6 5. Ngf3 Nc6 6. Bb5 Bd7 7. O-O a6 8.
Ba4 Nge7 9. c3 O-O 10. Nc4 b5 11. Nxd6 bxa4 12. Nb7 Qc8 13. Nc5 Rd8 14. Qxa4
Ne5 15. Nxd7 Nxf3+ 16. gxf3 Qxd7 17. Qxd7 Rxd7 18. Be3 Rad8 19. Kg2 f6 20. f4
Kf7 21. Kf3 Rd3 22. Ke2 Nc6 23. Rad1 Rxd1 24. Rxd1 Rxd1 25. Kxd1 Ke7 26. Bc5+
Kd7 27. Ke2 e5 28. f5 g5 29. Kd3 h5 30. b4 Nb8 31. Kc4 Kc6 32. a4 Kd7 33. b5 c6
34. Bf8 cxb5+ 35. axb5 axb5+ 36. Kxb5 Kc7 37. Be7 Nd7 38. c4 g4 39. c5 1-0

[Event "Brno CEZ Talent"]
[Site "?"]
[Date "2013.08.25"]
[Round "1"]
[White "Prokop, Jiri"]
[Black "Blahynka, Martin"]
[Result "0-1"]
[WhiteElo "1758"]
[BlackElo "2166"]
[PlyCount "68"]
[EventDate "2013.08.25"]

1. f4 Nf6 2. Nf3 g6 3. d4 d5 4. e3 Bg7 5. Bd3 Bf5 6. O-O Nbd7 7. Ne5 c6 8. Nd2
Bxd3 9. Nxd3 Nb6 10. Ne5 Nc8 11. c4 Nd6 12. c5 Nde4 13. Qb3 Qc7 14. Nxe4 Nxe4
15. Nf3 b6 16. cxb6 axb6 17. Bd2 Nxd2 18. Nxd2 e6 19. Nf3 O-O 20. Rac1 c5 21.
a3 Qd6 22. Rc3 Ra5 23. Rfc1 f6 24. Qc2 c4 25. Rf1 e5 26. g3 b5 27. Qe2 e4 28.
Nd2 b4 29. axb4 Qxb4 30. Rb1 Ra2 31. Nxe4 dxe4 32. Rxc4 Qb3 33. Rc3 Qxc3 34.
bxc3 Rxe2 0-1

[Event "Brno CEZ Talent"]
[Site "?"]
[Date "2013.08.25"]
[Round "1"]
[White "Vechet, Stanislav"]
[Black "Doskar, Miloslav"]
[Result "1-0"]
[WhiteElo "2165"]
[BlackElo "1739"]
[PlyCount "55"]
[EventDate "2013.08.25"]

1. d4 Nf6 2. g3 e6 3. Bg2 d5 4. Nf3 Be7 5. c4 O-O 6. O-O b6 7. cxd5 exd5 8. Nc3
Bb7 9. Bf4 c6 10. Rc1 Nbd7 11. Qc2 h6 12. Rfd1 Re8 13. h3 Nf8 14. Ne5 Ne6 15.
Be3 Bd6 16. f4 Bxe5 17. dxe5 Nd7 18. Bf2 Qe7 19. e4 d4 20. Bxd4 Nxd4 21. Rxd4
Qc5 22. Ne2 Rad8 23. Qd2 Qe7 24. Rd1 Bc8 25. Rd6 c5 26. Nc3 Qf8 27. Nb5 a5 28.
Na7 1-0